Central Library OPAC University of Rajshahi

The elementary IBM-PC / (Record no. 13852)

MARC details
000 -LEADER
fixed length control field 00865nam a2200265 a 4500
001 - CONTROL NUMBER
control field 13852
003 - CONTROL NUMBER IDENTIFIER
rucl marc code BD-RjUL
005 - DATE AND TIME OF LATEST TRANSACTION
control field 20211208235526.0
008 - FIXED-LENGTH DATA ELEMENTS--GENERAL INFORMATION
fixed length control field 140202s1984 caua 001 0 eng d
020 ## - INTERNATIONAL STANDARD BOOK NUMBER
International Standard Book Number 0881902950 (pbk.)
International Standard Book Number 0835917134 (pbk. Reston)
035 ## - SYSTEM CONTROL NUMBER
System control number (BD-RjUL)13904
040 ## - CATALOGING SOURCE
Original cataloging agency DLC
Transcribing agency DLC
Modifying agency DLC
-- BD-RjUL
Language of cataloging eng
041 ## - LANGUAGE CODE
Language code of text/sound track or separate title eng
082 00 - DEWEY DECIMAL CLASSIFICATION NUMBER
Classification number 005.57
Edition number 23
Author mark and year SAE 1984
100 1# - MAIN ENTRY--PERSONAL NAME
Personal name Sanders, William B.,
Dates associated with a name 1944-
9 (RLIN) 26585
245 14 - TITLE STATEMENT
Title The elementary IBM-PC /
Statement of responsibility, etc. by William B. Sanders ; illustrated by Martin Cannon.
260 ## - PUBLICATION, DISTRIBUTION, ETC. (IMPRINT)
Place of publication, distribution, etc. Chatsworth, CA :
Name of publisher, distributor, etc. DATAMOST ;
Place of publication, distribution, etc. Reston, Va. :
Name of publisher, distributor, etc. Reston Pub. Co.,
Date of publication, distribution, etc. c1984.
300 ## - PHYSICAL DESCRIPTION
Pagination 335 p. :
Illustrations ill. ;
Size 21 cm.
500 ## - GENERAL NOTE
General note Includes index.
650 #0 - SUBJECT ADDED ENTRY--TOPICAL TERM
Topical term or geographic name as entry element IBM Personal Computer
General subdivision Programming.
9 (RLIN) 1162
Topical term or geographic name as entry element BASIC (Computer program language)
9 (RLIN) 43309
942 ## - ADDED ENTRY ELEMENTS (KOHA)
Source of classification or shelving scheme Dewey Decimal Classification
Koha item type Books
Holdings
Lost status Source of classification or shelving scheme Damaged status Not for loan Collection code Permanent Location Current Location Shelving location Date acquired Source of acquisition Total Checkouts Full call number Date last seen Copy number Koha item type
  Dewey Decimal Classification     Non-fiction Central Library, University of Rajshahi Central Library, University of Rajshahi   16/07/1985 Asia foundation   005.57 SAE 1984 02/02/2014 C-2 Books
  Dewey Decimal Classification     Non-fiction Central Library, University of Rajshahi Central Library, University of Rajshahi   16/07/1985 Asia foundation   005.57 SAE 1984 02/02/2014 C-3 Books
  Dewey Decimal Classification   Not For Loan Non-fiction Central Library, University of Rajshahi Central Library, University of Rajshahi Reading Room 16/07/1985 Asia Foundation   005.57 SAE 1984 05/01/2017 C-1 Books
  Dewey Decimal Classification     Non-fiction Central Library, University of Rajshahi Central Library, University of Rajshahi   16/07/1985 Asia Foundation   005.57 SAE 1984 05/06/2017 C-4 Books
  Dewey Decimal Classification     Non-fiction Central Library, University of Rajshahi Central Library, University of Rajshahi   16/07/1985 Asia Foundation   005.57 SAE 1984 05/06/2017 C-5 Books